<?xml version="1.0" encoding="UTF-8"?>
<record
    xmlns:xsi="http://www.w3.org/2001/XMLSchema-instance"
    xsi:schemaLocation="http://www.loc.gov/MARC21/slim http://www.loc.gov/standards/marcxml/schema/MARC21slim.xsd"
    xmlns="http://www.loc.gov/MARC21/slim">

  <leader>01043nam a22002655a 4500</leader>
  <controlfield tag="003">OSt</controlfield>
  <controlfield tag="005">20170511140427.0</controlfield>
  <controlfield tag="008">170511s2014    jo a   fr     000 0 ara d</controlfield>
  <datafield tag="015" ind1=" " ind2=" ">
    <subfield code="a">2013 / 6 / 2250</subfield>
  </datafield>
  <datafield tag="020" ind1=" " ind2=" ">
    <subfield code="a">9789957790561</subfield>
  </datafield>
  <datafield tag="040" ind1=" " ind2=" ">
    <subfield code="a">EG-ScBUE</subfield>
    <subfield code="b">ara</subfield>
    <subfield code="c">EG-ScBUE</subfield>
    <subfield code="d">EG-ScBUE</subfield>
  </datafield>
  <datafield tag="043" ind1=" " ind2=" ">
    <subfield code="a">a-is---</subfield>
  </datafield>
  <datafield tag="082" ind1="0" ind2="4">
    <subfield code="a">323.1192705694</subfield>
    <subfield code="b">&#x646; &#x627; &#x635;</subfield>
    <subfield code="2">22</subfield>
  </datafield>
  <datafield tag="100" ind1="1" ind2=" ">
    <subfield code="a">&#x646;&#x627;&#x635;&#x631;&#x60C; &#x62F;&#x631;&#x648;&#x64A;&#x634;&#x60C;</subfield>
    <subfield code="d">1948-</subfield>
  </datafield>
  <datafield tag="245" ind1="1" ind2="2">
    <subfield code="a">&#x627;&#x644;&#x641;&#x627;&#x634;&#x64A;&#x629; &#x627;&#x644;&#x625;&#x633;&#x631;&#x627;&#x626;&#x64A;&#x644;&#x64A;&#x629; /</subfield>
    <subfield code="c">&#x62F;&#x631;&#x648;&#x64A;&#x634; &#x646;&#x627;&#x635;&#x631;.</subfield>
  </datafield>
  <datafield tag="260" ind1=" " ind2=" ">
    <subfield code="a">&#x639;&#x645;&#x627;&#x646;&#x60C; &#x627;&#x644;&#x623;&#x631;&#x62F;&#x646; :</subfield>
    <subfield code="b">&#x62F;&#x627;&#x631; &#x627;&#x644;&#x64A;&#x627;&#x632;&#x648;&#x631;&#x64A; &#x627;&#x644;&#x639;&#x644;&#x645;&#x64A;&#x629; &#x644;&#x644;&#x646;&#x634;&#x631; &#x648;&#x627;&#x644;&#x62A;&#x648;&#x632;&#x64A;&#x639; :</subfield>
    <subfield code="b">&#x62F;&#x631;&#x648;&#x628; :</subfield>
    <subfield code="b">&#x62F;&#x627;&#x631; &#x627;&#x644;&#x62C;&#x644;&#x64A;&#x644; &#x644;&#x644;&#x646;&#x634;&#x631;&#x60C;</subfield>
    <subfield code="c">2014.</subfield>
  </datafield>
  <datafield tag="300" ind1=" " ind2=" ">
    <subfield code="a">230 &#x635;. :</subfield>
    <subfield code="b">&#x625;&#x64A;&#x636;. &#x61B;</subfield>
    <subfield code="c">24 &#x633;&#x645;.</subfield>
  </datafield>
  <datafield tag="650" ind1=" " ind2="7">
    <subfield code="a">&#x627;&#x644;&#x646;&#x632;&#x627;&#x639; &#x627;&#x644;&#x639;&#x631;&#x628;&#x64A; &#x627;&#x644;&#x625;&#x633;&#x631;&#x627;&#x626;&#x64A;&#x644;&#x64A;.</subfield>
    <subfield code="2">BUEsh</subfield>
    <subfield code="9">13399</subfield>
  </datafield>
  <datafield tag="650" ind1=" " ind2="7">
    <subfield code="a">&#x627;&#x644;&#x641;&#x627;&#x634;&#x64A;&#x629;.</subfield>
    <subfield code="2">BUEsh</subfield>
  </datafield>
  <datafield tag="650" ind1=" " ind2="7">
    <subfield code="a">&#x627;&#x644;&#x635;&#x647;&#x64A;&#x648;&#x646;&#x64A;&#x629;.</subfield>
    <subfield code="2">BUEsh</subfield>
    <subfield code="9">13307</subfield>
  </datafield>
  <datafield tag="651" ind1=" " ind2="7">
    <subfield code="a">&#x641;&#x644;&#x633;&#x637;&#x64A;&#x646;  </subfield>
    <subfield code="x">&#x62A;&#x627;&#x631;&#x64A;&#x62E;</subfield>
    <subfield code="y">&#x627;&#x644;&#x627;&#x62D;&#x62A;&#x644;&#x627;&#x644; &#x627;&#x644;&#x625;&#x633;&#x631;&#x627;&#x626;&#x64A;&#x644;&#x64A;&#x60C; 1948-</subfield>
    <subfield code="2">BUEsh</subfield>
  </datafield>
  <datafield tag="651" ind1=" " ind2="7">
    <subfield code="a">&#x625;&#x633;&#x631;&#x627;&#x626;&#x64A;&#x644;</subfield>
    <subfield code="x">&#x62A;&#x627;&#x631;&#x64A;&#x62E;</subfield>
    <subfield code="y">1948-</subfield>
    <subfield code="2">BUEsh</subfield>
  </datafield>
  <datafield tag="653" ind1=" " ind2=" ">
    <subfield code="b">GGEN</subfield>
    <subfield code="c">May2017</subfield>
  </datafield>
  <datafield tag="942" ind1=" " ind2=" ">
    <subfield code="2">ddc</subfield>
  </datafield>
  <datafield tag="999" ind1=" " ind2=" ">
    <subfield code="c">24823</subfield>
    <subfield code="d">24795</subfield>
  </datafield>
  <datafield tag="952" ind1=" " ind2=" ">
    <subfield code="0">0</subfield>
    <subfield code="1">0</subfield>
    <subfield code="2">ddc</subfield>
    <subfield code="4">0</subfield>
    <subfield code="7">0</subfield>
    <subfield code="8">Madboly</subfield>
    <subfield code="a">MAIN</subfield>
    <subfield code="b">MAIN</subfield>
    <subfield code="d">2017-05-11</subfield>
    <subfield code="e">Purchase</subfield>
    <subfield code="g">100.00</subfield>
    <subfield code="h">04160</subfield>
    <subfield code="o">323.1192705694 &#x646; &#x627; &#x635;</subfield>
    <subfield code="p">000041841</subfield>
    <subfield code="r">2025-07-15 00:00:00</subfield>
    <subfield code="v">125.00</subfield>
    <subfield code="y">BB</subfield>
  </datafield>
  <datafield tag="952" ind1=" " ind2=" ">
    <subfield code="0">0</subfield>
    <subfield code="1">0</subfield>
    <subfield code="2">ddc</subfield>
    <subfield code="4">0</subfield>
    <subfield code="7">0</subfield>
    <subfield code="8">Madboly</subfield>
    <subfield code="a">MAIN</subfield>
    <subfield code="b">MAIN</subfield>
    <subfield code="d">2017-05-11</subfield>
    <subfield code="e">Purchase</subfield>
    <subfield code="g">100.00</subfield>
    <subfield code="h">04160</subfield>
    <subfield code="o">323.1192705694 &#x646; &#x627; &#x635;</subfield>
    <subfield code="p">000041842</subfield>
    <subfield code="r">2025-07-15 00:00:00</subfield>
    <subfield code="v">125.00</subfield>
    <subfield code="y">BB</subfield>
  </datafield>
</record>
